| 000 | 00960cam a22003371 4500 | ||
|---|---|---|---|
| 001 | 9851194 | ||
| 003 | SISC | ||
| 005 | 20160307150539.0 | ||
| 008 | 810430s1963 nyu 000 0 eng | ||
| 010 | _a 63020283 | ||
| 020 | _a0451627954 | ||
| 035 | _a(OCoLC)16763479 | ||
| 040 |
_aDLC _cOrPS _dDLC |
||
| 050 | 0 | 0 | _aPR 1583 .B974 1963 |
| 082 |
_aHS 829.3 _bB45 1963 |
||
| 130 | 0 |
_aBeowulf. _lEnglish. _f1943 _911714 |
|
| 245 | 0 | 0 |
_aBeowulf / _bA new translation with an introd. by Burton Raffel. |
| 260 |
_aNew York : _bA Mentor Book, _cc1963. |
||
| 300 |
_a159 p. : _c18 cm. |
||
| 650 | 0 |
_aEpic poetry, English (Old) _911715 |
|
| 650 | 0 |
_aMonsters _vPoetry. _911716 |
|
| 650 | 0 |
_aDragons _vPoetry. _911717 |
|
| 651 | 0 |
_aScandinavia _xPoetry. _911718 |
|
| 700 | 1 |
_aRaffel, Burton. _etr. _911719 |
|
| 906 |
_a7 _bcbc _coclcrpl _du _encip _f19 _gy-gencatlg |
||
| 942 |
_2lcc _cBK |
||
| 999 |
_c8896 _d8896 |
||